00339nam a22001337a 450000500170000000800060001702000230002304000140004604100060006010000200006624500550008626000300014130000340017120250127105051.0 eng  a9781444805963qhbk aRDAc3228 2E aEikli, Beverley aLady Farquhar's ButterflycBeverley EiklihEnglish aLondonbRobert Halec2010 a362 pagesbLarge Printc23 cm